ՀՀ Գիտությունների ազգային ակադեմիայի հիմնարար գիտական գրադարան  =   Fundamental Scientific Library of NAS RA

Երեք հրացանակիրները : (Record no. 84442)

MARC details
000 -LEADER
fixed length control field 00810nam a2200205 a 4500
001 - CONTROL NUMBER
control field 000238592
003 - CONTROL NUMBER IDENTIFIER
control field AM-YeHGA
005 - DATE AND TIME OF LATEST TRANSACTION
control field 20250618071614.0
008 - FIXED-LENGTH DATA ELEMENTS--GENERAL INFORMATION
fixed length control field 030623s1910 tu 000 | arm d
040 ## - CATALOGING SOURCE
Original cataloging agency AM-YeHGA
090 ## - LOCALLY ASSIGNED LC-TYPE CALL NUMBER (OCLC); LOCAL CALL NUMBER (RLIN)
-- 85719
100 1# - MAIN ENTRY--PERSONAL NAME
Personal name Դյումա, Ալեքսանդր (հայր),
Dates associated with a name 1802-1870
9 (RLIN) 40
245 10 - TITLE STATEMENT
Title Երեք հրացանակիրները :
Remainder of title [Վեպ] /
Statement of responsibility, etc. Ա. Տիւմա; Թարգմ.՝ Հրայր.
260 ## - PUBLICATION, DISTRIBUTION, ETC.
Place of publication, distribution, etc. Կ. Պոլիս :
Name of publisher, distributor, etc. տպ. Մանզումէ,
Date of publication, distribution, etc. 1910.
300 ## - PHYSICAL DESCRIPTION
Extent Հ. ;
Dimensions 20 սմ.
505 00 - FORMATTED CONTENTS NOTE
Miscellaneous information Հ. 1 (1910, 184 էջ) :
-- Հ. 2 (1910, 185-362 էջ) :
-- Հ. 3 (1910, 363-535 էջ) :
-- Հ. 4 (1910, 536-728 էջ) :
-- Հ. 5 (1910,729-958 էջ)
650 14 - SUBJECT ADDED ENTRY--TOPICAL TERM
Topical term or geographic name entry element Ֆրանսիական գրականություն
General subdivision Վեպ
700 0# - ADDED ENTRY--PERSONAL NAME
Personal name Հրայր
Relator term թարգմ.
Relationship trl
942 ## - ADDED ENTRY ELEMENTS (KOHA)
Source of classification or shelving scheme Universal Decimal Classification
Koha item type Գրքեր / Books
Holdings
Withdrawn status Lost status Damaged status Not for loan Collection Home library Current library Date acquired Serial enumeration / chronology Total checkouts Full call number Barcode Date last seen Price effective from Koha item type Public note
        General Fundamental Scientific Library Fundamental Scientific Library 22/12/2016 1   AII/13841 FL0012360 22/12/2016 22/12/2016 Գրքեր / Books 30 Days Loan


ՀՀ ԳԱԱ հիմնարար գիտական գրադարան
ՀՀ,Երևան 0019
Մարշալ Բաղրամյան 24/6
հեռախոս:(374-10) 52-47-50
Հետադարձ կապ

All site content, except where otherwise noted, is licensed under a
Creative Commons License